Bordering countries by clue #3 - Statistics

General Stats
  • This quiz has been taken 41 times
  • The average score is 17 of 20
Answer Stats
Clue Country % Correct
Second biggest country in the world by population China
97%
Has the most islands on the Mediterranean Sea Greece
97%
In 2019 he added "North" to his name to solve the misunderstanding with the above North Macedonia
97%
Ruled by the Taliban since 2021 Afghanistan
95%
Formerly known as Persia Iran
95%
Newest country in Europe Kosovo
95%
Has a flag similar to Monaco Indonesia
92%
Oceanian country that has a neighbor Papua-New Guinea
92%
The above broke away from this country in 2008 Serbia
89%
The only Southeast Asian country that was never colonised Thailand
89%
Asian country that is in NATO Turkey
89%
Moved his capital to Naypyidaw in 2005 Myanmar
86%
Has the most stripes on his flag Malaysia
84%
The only Baltic country that played in Euro Latvia
81%
United with Poland in 1569 and created Polish-__________ Commonwealth Lithuania
76%
Poorest country in Europe Moldova
76%
Has cities like: Craiova, Oradea and Buzau Romania
76%
His flag looks like this: Tajikistan
76%
Has a death penalty Belarus
73%
its capital lies on the Dnieper river Ukraine
73%
No matching quizzes found
Score Distribution
Percent of People with Each Score
Percentile by Number Answered
Your Score History
You have not taken this quiz